| 000 | 00708nam a2200253Ia 4500 | ||
|---|---|---|---|
| 003 | OSt | ||
| 005 | 20220924113120.0 | ||
| 006 | a|||||r|||| 00| 0 | ||
| 007 | ta | ||
| 008 | 220923b |||||||| |||| 00| 0 eng d | ||
| 024 | _a60257 | ||
| 037 | _cDictionary | ||
| 040 |
_aARTS _cARTS _beng |
||
| 041 |
_2eng _aeng |
||
| 082 | _aP7351A:4k, 111K6 (PD) | ||
| 100 |
_aOlmsted D L _966696 |
||
| 245 | 0 | _aAchumawi dictonary | |
| 260 |
_aBerkeley _bUniv Of California Press _c1966 |
||
| 300 |
_a158p. _ccm. |
||
| 490 | _aUniv Of California pub in linguistics; 45 | ||
| 650 | _aLINGUISTICS | ||
| 942 |
_hP7351A:4k, 111K6 (PD) _cdic _2cc |
||
| 999 |
_c389274 _d389274 |
||